000 00453nam a2200169Ia 4500
003 GCL
008 140319s9999 xx 000 0 eng d
040 _aGCL /
_cGCL
082 0 4 _a782.103
_bP O
100 1 _aPARKER, ROGER
245 1 0 _aTHE OXFORD ILLUSTRATED HISTORY OF OPERA /
_cPARKER, ROGER
260 _a[S.N] :
_bOXFORD UNIVERSITY PRESS ،
_c1994
300 _a541 P
650 0 4 _aOPERA
650 0 4 _aOPERA - PICTORIAL WORKS
942 _2ddc
_cBK
999 _c24722
_d24722